| 000 | 00318nam a2200121Ia 4500 | ||
|---|---|---|---|
| 008 | 190216s9999||||xx |||||||||||||| ||und|| | ||
| 100 | _aGurdeep Chatwal And Sham Anand | ||
| 245 | 0 | _aSpectroscopy(Atomioc And Molecular) | |
| 260 |
_bHimalaya Publishing House _c1987 |
||
| 300 | _a414 | ||
| 650 | _aChemistry | ||
| 942 | _cBK | ||
| 999 |
_c3113 _d3113 |
||